| 000 | 00747nam a2200253Ia 4500 | ||
|---|---|---|---|
| 003 | IIN | ||
| 005 | 20250430123836.0 | ||
| 008 | 250430s2024 xx ad 001 0 eng d | ||
| 020 |
_cRs.1795.00 _a9789356961845 |
||
| 040 |
_aIIN _bEnglish |
||
| 082 |
_a610.73 _bJAC |
||
| 100 | 1 | _a Jacob, Annamma | |
| 245 | 1 |
_aClinical Nursing Procedures _bthe art of nursing practice/ _cAnnamma Jacob, Rekha R. & Jadhav Sonali Tarachand |
|
| 250 | _a5th ed | ||
| 260 |
_bJaypee _aNew Delhi _c2024 |
||
| 300 |
_axv, 939p. _bcol. ill. |
||
| 500 | _aIncludes Index | ||
| 650 | 1 |
_aFoundation _v Nursing |
|
| 650 | 1 |
_aFundamentals _v Nursing |
|
| 650 | 1 |
_a Procedures _v Nursing |
|
| 700 | 1 | _aRekha, R. | |
| 700 | 1 | _aTarachand, Jadhav Sonali | |
| 942 | _cBOOK | ||
| 999 |
_c1780 _d1780 |
||